[Event "AUT-chT2M 2223"]
[Site "Austria"]
[Date "2023.03.05"]
[Round "9.4"]
[White "Kuba, Guenter"]
[Black "Breneis, Lukas"]
[Result "0-1"]
[WhiteElo "2323"]
[BlackElo "2238"]
[PlyCount "82"]
[EventDate "2022.09.30"]
[EventType "team-tourn"]
[EventRounds "11"]
[EventCountry "AUT"]
[SourceTitle "CBM 213 Extra"]
[Source "ChessBase"]
[SourceDate "2023.05.31"]
[SourceVersion "1"]
[SourceVersionDate "2023.05.31"]
[SourceQuality "1"]
[WhiteTeam "Fuerstenfeld/Hartberg"]
[BlackTeam "St Valentin"]
[WhiteTeamCountry "AUT"]
[BlackTeamCountry "AUT"]

1. e4 c5 2. Nf3 e6 3. c3 d5 4. exd5 Qxd5 5. d4 Nc6 6. Na3 Nf6 7. Nb5 Qd8 8. dxc5 Bxc5 9. Qxd8+ Kxd8 10. Bf4 Ne4 11. Rd1+ Bd7 12. Bg3 a6 13. Bh4+ f6 14. Nbd4 Nxd4 15. Nxd4 Ke7 16. Bd3 Nd6 17. Nb3 Ba7 18. 0-0 Bb5 19. Bg3 e5 20. Bxb5 axb5 21. Kh1 g5 22. a3 h5 23. f3 Nc4 24. Bf2 Bxf2 25. Rxf2 Rhd8 26. Re1 Rd5 27. Kg1 Rad8 28. Rfe2 f5 29. Kf2 Kf6 30. Kf1 f4 31. g3 b6 32. Kf2 Ne3 33. h4 gxh4 34. gxf4 exf4 35. Nd4 Rg8 36. Rh1 Rdg5 37. c4 Rg2+ 38. Ke1 Rg1+ 39. Rxg1 Rxg1+ 40. Kd2 bxc4 41. Kc3 Rg2 0-1

[Event "Dortmund Sparkassen op 49th"]
[Site "Dortmund"]
[Date "2022.07.19"]
[Round "4"]
[White "Pajeken, Jakob Leon"]
[Black "Breneis, Lukas"]
[Result "1-0"]
[WhiteElo "2434"]
[BlackElo "2249"]
[PlyCount "127"]
[EventDate "2022.07.16"]
[EventType "swiss"]
[EventRounds "9"]
[EventCountry "GER"]
[SourceTitle "CBM 209 Extra"]
[Source "ChessBase"]
[SourceDate "2022.09.30"]
[SourceVersion "1"]
[SourceVersionDate "2022.09.30"]
[SourceQuality "1"]

1. e4 e5 2. Nf3 d6 3. d4 Nd7 4. Bc4 Be7 5. dxe5 Nxe5 6. Nxe5 dxe5 7. Qh5 g6 8. Qxe5 Nf6 9. Bh6 Rg8 10. Qb5+ c6 11. Qb3 Be6 12. Bxe6 fxe6 13. Qxe6 g5 14. h4 gxh4 15. Nd2 Rg6 16. Be3 Nd5 17. Qh3 Rg3 18. fxg3 Nxe3 19. gxh4 Nxc2+ 20. Ke2 Qb6 21. Qc3 Nd4+ 22. Kf1 Bb4 23. Qc4 0-0-0 24. Nf3 Nxf3 25. gxf3 Rd2 26. Qe6+ Kc7 27. Qf7+ Kc8 28. Qf5+ Kd8 29. Qg5+ Kc8 30. Qg4+ Kd8 31. Qg5+ Kc8 32. Qf5+ Kd8 33. Rh2 Rxh2 34. Rd1+ Bd2 35. Rxd2+ Rxd2 36. Qg5+ Kc8 37. Qxd2 Qa6+ 38. Kf2 Qxa2 39. Qd4 a5 40. Qh8+ Kc7 41. Qxh7+ Kb6 42. Qg7 Qc4 43. Kg3 Qc5 44. Qf6 a4 45. Kg4 Qg1+ 46. Kf5 Qe3 47. Kg6 Qg1+ 48. Kf7 Qh2 49. Ke6 Ka6 50. Kd7 Qh3+ 51. Kc7 Qh2+ 52. f4 Qc2 53. Qe5 Qb3 54. h5 Qf7+ 55. Kd6 b5 56. Qf5 Qb7 57. Qd7 Qb8+ 58. Qc7 Qf8+ 59. Kxc6 Qa8+ 60. Kc5 Qf8+ 61. Qd6+ Qxd6+ 62. Kxd6 b4 63. h6 a3 64. bxa3 1-0

[Event "AUT-ch Blitz"]
[Site "Graz"]
[Date "2021.06.06"]
[Round "7"]
[White "Breneis, Lukas"]
[Black "Poecksteiner, Johann"]
[Result "1-0"]
[WhiteElo "2248"]
[BlackElo "2155"]
[PlyCount "44"]
[EventDate "2021.06.06"]
[EventType "swiss (blitz)"]
[EventRounds "11"]
[EventCountry "AUT"]
[SourceTitle "CBM 202 Extra"]
[Source "ChessBase"]
[SourceDate "2021.07.31"]
[SourceVersion "1"]
[SourceVersionDate "2021.07.31"]
[SourceQuality "1"]

1. e4 d5 2. Nc3 Nf6 3. exd5 Nxd5 4. Bc4 Nxc3 5. bxc3 e6 6. Nf3 Be7 7. d4 Nd7 8. Bf4 0-0 9. 0-0 b6 10. d5 exd5 11. Qxd5 Rb8 12. Rad1 Nf6 13. Qxf7+ Rxf7 14. Rxd8+ Bxd8 15. Ne5 Kf8 16. Nxf7 Ba6 17. Bxa6 Kxf7 18. Bc4+ Kf8 19. Rd1 Rc8 20. Be6 Rb8 21. h3 Ke7 22. Bb3 a5 1-0

[Event "AUT-ch Blitz"]
[Site "Graz"]
[Date "2021.06.06"]
[Round "11"]
[White "Breneis, Lukas"]
[Black "Reisenhoffer, Maximilian"]
[Result "1/2-1/2"]
[WhiteElo "2248"]
[BlackElo "1884"]
[PlyCount "81"]
[EventDate "2021.06.06"]
[EventType "swiss (blitz)"]
[EventRounds "11"]
[EventCountry "AUT"]
[SourceTitle "CBM 202 Extra"]
[Source "ChessBase"]
[SourceDate "2021.07.31"]
[SourceVersion "1"]
[SourceVersionDate "2021.07.31"]
[SourceQuality "1"]

1. e4 c5 2. Nf3 d6 3. d4 cxd4 4. Nxd4 Nf6 5. Nc3 a6 6. h3 e5 7. Nde2 Be6 8. Bg5 Nbd7 9. g4 Be7 10. Bg2 h6 11. Be3 Rc8 12. Qd2 Qc7 13. Ng3 b5 14. a3 Nb6 15. Bxb6 Qxb6 16. Nf5 Bxf5 17. exf5 Qc5 18. 0-0 0-0 19. Rac1 Nd7 20. Ne4 Qc7 21. c3 Nc5 22. Rcd1 Nxe4 23. Bxe4 Rfd8 24. Bd5 Bg5 25. Qd3 Qc5 26. Qg3 Re8 27. h4 Bf4 28. Qf3 a5 29. Qe4 Rb8 30. Kg2 b4 31. axb4 axb4 32. c4 b3 33. Rd3 Re7 34. Rg1 Kh8 35. Kf3 f6 36. Kg2 Rbe8 37. Rf1 Rb8 38. Rh3 Rbe8 39. Kf3 Qb4 40. Qe2 Qd2 41. Qxd2 1/2-1/2

[Event "AUT-ch Blitz"]
[Site "Graz"]
[Date "2021.06.06"]
[Round "8"]
[White "Dotzer, Lukas"]
[Black "Breneis, Lukas"]
[Result "0-1"]
[WhiteElo "1970"]
[BlackElo "2248"]
[PlyCount "54"]
[EventDate "2021.06.06"]
[EventType "swiss (blitz)"]
[EventRounds "11"]
[EventCountry "AUT"]
[SourceTitle "CBM 202 Extra"]
[Source "ChessBase"]
[SourceDate "2021.07.31"]
[SourceVersion "1"]
[SourceVersionDate "2021.07.31"]
[SourceQuality "1"]

1. e4 c5 2. Nf3 d6 3. d4 cxd4 4. Nxd4 Nf6 5. Nc3 a6 6. Bg5 e6 7. f4 Qc7 8. Qf3 b5 9. a3 Bb7 10. 0-0-0 Nbd7 11. Bd3 Rc8 12. g4 Nc5 13. Rhe1 Be7 14. Nde2 Nxd3+ 15. cxd3 d5 16. exd5 Nxd5 17. Qg3 Bxa3 18. Kb1 Bxb2 19. Kxb2 Nxc3 20. Rc1 Na4+ 21. Ka1 Qa5 22. Rxc8+ Bxc8 23. d4 Nc3+ 24. Kb2 Ne4 25. Rc1 Nxg3 26. Rxc8+ Kd7 27. Rxh8 Nxe2 0-1

[Event "AUT-ch Blitz"]
[Site "Graz"]
[Date "2021.06.06"]
[Round "4"]
[White "Trippold, Denise"]
[Black "Breneis, Lukas"]
[Result "0-1"]
[WhiteElo "2113"]
[BlackElo "2248"]
[PlyCount "60"]
[EventDate "2021.06.06"]
[EventType "swiss (blitz)"]
[EventRounds "11"]
[EventCountry "AUT"]
[SourceTitle "CBM 202 Extra"]
[Source "ChessBase"]
[SourceDate "2021.07.31"]
[SourceVersion "1"]
[SourceVersionDate "2021.07.31"]
[SourceQuality "1"]

1. Nf3 c5 2. g3 Nc6 3. Bg2 e5 4. d3 Nf6 5. 0-0 d5 6. c4 Be7 7. Nc3 d4 8. Nb1 0-0 9. e3 Bg4 10. a3 dxe3 11. fxe3 e4 12. dxe4 Qxd1 13. Rxd1 Nxe4 14. Nbd2 Rad8 15. Re1 Nxd2 16. Nxd2 Bf6 17. Bxc6 bxc6 18. Ne4 Be7 19. b3 Bf5 20. Nd2 Bf6 21. Ra2 Rfe8 22. Kf2 Rd3 23. b4 Be7 24. b5 cxb5 25. cxb5 Red8 26. Nc4 Be6 27. Rc2 Bf6 28. a4 Rb3 29. h4 Rb4 30. Nd2 Rxa4 0-1

[Event "AUT-ch Rapid"]
[Site "Graz"]
[Date "2021.06.05"]
[Round "9"]
[White "Breneis, Lukas"]
[Black "Schroll, Gerhard"]
[Result "1/2-1/2"]
[WhiteElo "2248"]
[BlackElo "2324"]
[PlyCount "39"]
[EventDate "2021.06.04"]
[EventType "swiss (rapid)"]
[EventRounds "9"]
[EventCountry "AUT"]
[SourceTitle "CBM 202 Extra"]
[Source "ChessBase"]
[SourceDate "2021.07.31"]
[SourceVersion "1"]
[SourceVersionDate "2021.07.31"]
[SourceQuality "1"]

1. d4 f5 2. g3 Nf6 3. Bg2 e6 4. c4 Bb4+ 5. Bd2 Qe7 6. a3 Bxd2+ 7. Nxd2 0-0 8. Ngf3 Ne4 9. 0-0 d5 10. Rc1 c6 11. Ne1 Nd7 12. Nd3 Nxd2 13. Qxd2 Nf6 14. Ne5 Nd7 15. f4 Nxe5 16. fxe5 b6 17. c5 b5 18. Rc3 Bd7 19. h3 Be8 20. Rcf3 1/2-1/2

[Event "AUT-chT2M 2021"]
[Site "Graz"]
[Date "2021.04.11"]
[Round "5.2"]
[White "Breneis, Lukas"]
[Black "Riemelmoser, Franz"]
[Result "0-1"]
[WhiteElo "2252"]
[BlackElo "2235"]
[PlyCount "78"]
[EventDate "2021.03.12"]
[EventType "team-tourn"]
[EventRounds "5"]
[EventCountry "AUT"]
[SourceTitle "EXT 2022"]
[Source "ChessBase"]
[SourceDate "2021.10.06"]
[SourceVersion "1"]
[SourceVersionDate "2021.10.06"]
[SourceQuality "1"]
[WhiteTeam "Steyregg"]
[BlackTeam "Villach Admira"]
[WhiteTeamCountry "AUT"]
[BlackTeamCountry "AUT"]

1. e4 e6 2. d3 d5 3. Qe2 dxe4 4. dxe4 e5 5. Nf3 Bd6 6. Bg5 Ne7 7. Nc3 h6 8. Bh4 Nbc6 9. 0-0-0 Bg4 10. Nb5 a6 11. Nxd6+ cxd6 12. Qd2 g5 13. Bg3 Nd4 14. Nxd4 Bxd1 15. Qxd1 exd4 16. Qxd4 0-0 17. Bc4 Nc6 18. Qe3 Qf6 19. h4 g4 20. f3 gxf3 21. gxf3 Rac8 22. Bd5 Kh7 23. Rd1 Rg8 24. Be1 Ne5 25. Bc3 Rg3 26. Bxb7 Rc7 27. Qb6 Rxc3 28. bxc3 Qxf3 29. Qb3 a5 30. a4 Qe3+ 31. Kb2 Qe2 32. Rd5 Rg1 33. Rxe5 Qf1 34. Qa2 dxe5 35. Bc8 Kg7 36. Bf5 Rh1 37. Qd5 Qa1+ 38. Kb3 Rb1+ 39. Kc4 Qxa4+ 0-1

[Event "AUT-chT2M 2021"]
[Site "Graz"]
[Date "2021.04.10"]
[Round "4.2"]
[White "Kristoferitsch, Daniel"]
[Black "Breneis, Lukas"]
[Result "1/2-1/2"]
[WhiteElo "2166"]
[BlackElo "2252"]
[PlyCount "194"]
[EventDate "2021.03.12"]
[EventType "team-tourn"]
[EventRounds "5"]
[EventCountry "AUT"]
[SourceTitle "EXT 2022"]
[Source "ChessBase"]
[SourceDate "2021.10.06"]
[SourceVersion "1"]
[SourceVersionDate "2021.10.06"]
[SourceQuality "1"]
[WhiteTeam "Graz Schachfreunde"]
[BlackTeam "Steyregg"]
[WhiteTeamCountry "AUT"]
[BlackTeamCountry "AUT"]

1. e4 Nf6 2. e5 Nd5 3. d4 d6 4. c4 Nb6 5. exd6 cxd6 6. h3 g6 7. Nf3 Bg7 8. Be2 Nc6 9. 0-0 0-0 10. Nc3 Bf5 11. Be3 d5 12. c5 Nc4 13. b3 Nxe3 14. fxe3 Be4 15. Qd2 e5 16. dxe5 Nxe5 17. Rad1 Qe7 18. b4 Rad8 19. Nd4 Bh6 20. Rde1 Qg5 21. Nxe4 Qxe3+ 22. Qxe3 Bxe3+ 23. Nf2 Bxd4 24. Rd1 Be3 25. g3 a5 26. a3 Nc6 27. Rb1 Nd4 28. Bd1 axb4 29. Rxb4 Rb8 30. a4 Ne6 31. Kg2 Bxc5 32. Rb5 b6 33. Nd3 Nd4 34. Rb2 Nf5 35. Re1 Ne3+ 36. Kf3 Nxd1 37. Rxd1 d4 38. Rb5 Be7 39. Rdb1 Ra8 40. Ra1 Rfb8 41. Nb4 Bxb4 42. Rxb4 Rd8 43. Rxb6 d3 44. Rb2 d2 45. Rd1 Rd3+ 46. Kf2 Rxa4 47. Rdxd2 Rda3 48. Kg2 h5 49. Rf2 Ra7 50. Rf3 Rxf3 51. Kxf3 Ra3+ 52. Kg2 Kg7 53. h4 Re3 54. Ra2 Kf6 55. Ra6+ Kf5 56. Ra5+ Re5 57. Ra4 f6 58. Kf3 g5 59. hxg5 fxg5 60. Ra2 Rd5 61. Kg2 Ke4 62. Re2+ Kd3 63. Re8 g4 64. Re7 Kd2 65. Re8 Kd3 66. Re7 Kd4 67. Kf2 Rf5+ 68. Kg2 Re5 69. Rd7+ Ke3 70. Ra7 Ke4 71. Ra8 Kf5 72. Rf8+ Kg5 73. Rg8+ Kf6 74. Rf8+ Kg7 75. Ra8 Re2+ 76. Kf1 Rb2 77. Ra6 Rd2 78. Kg1 Rd3 79. Kg2 Rf3 80. Rb6 Rf6 81. Rb5 Kg6 82. Ra5 Rf5 83. Ra6+ Kg5 84. Ra8 Rc5 85. Rg8+ Kf5 86. Rf8+ Ke4 87. Re8+ Kd4 88. Rd8+ Rd5 89. Ra8 Kd3 90. Re8 Kc2 91. Rc8+ Kd1 92. Re8 Rd2+ 93. Kf1 Rh2 94. Rd8+ Kc1 95. Rd5 h4 96. gxh4 Rxh4 97. Kg2 g3 1/2-1/2

[Event "AUT-chT2M 2021"]
[Site "Graz"]
[Date "2021.03.13"]
[Round "2.3"]
[White "Csonka, Attila Istvan"]
[Black "Breneis, Lukas"]
[Result "1-0"]
[WhiteElo "2362"]
[BlackElo "2252"]
[PlyCount "129"]
[EventDate "2021.03.12"]
[EventType "team-tourn"]
[EventRounds "5"]
[EventCountry "AUT"]
[SourceTitle "CBM 201 Extra"]
[Source "ChessBase"]
[SourceDate "2021.05.31"]
[SourceVersion "1"]
[SourceVersionDate "2021.05.31"]
[SourceQuality "1"]
[WhiteTeam "Fuerstenfeld/Hartberg"]
[BlackTeam "Steyregg"]
[WhiteTeamCountry "AUT"]
[BlackTeamCountry "AUT"]

1. e4 d6 2. d4 Nf6 3. Nc3 c6 4. a4 e5 5. Nf3 Nbd7 6. Bc4 Be7 7. 0-0 0-0 8. Re1 Qc7 9. Ba2 Rb8 10. Qd3 b6 11. Bg5 a6 12. d5 cxd5 13. Bxd5 Nc5 14. Qe2 Be6 15. Bxf6 Bxf6 16. Red1 Rfc8 17. Ra3 Qa7 18. Qe3 Qc7 19. Qe2 Qa7 20. Nd2 Be7 21. Nc4 Qc7 22. Ne3 Qa7 23. Nf5 Bxf5 24. exf5 Nd7 25. Ne4 Nf6 26. Rad3 b5 27. axb5 axb5 28. Nxf6+ Bxf6 29. Bb3 Rd8 30. Qe4 Rb6 31. g3 h6 32. Kg2 Be7 33. Rf3 Bf6 34. h4 Qa8 35. Rd5 Qa1 36. Rc3 Qa7 37. Kh3 Ra6 38. Kg2 Rb6 39. Rd1 Qb7 40. Bd5 Qa7 41. Ra3 Ra6 42. Rda1 Rxa3 43. Rxa3 Qb6 44. Qe3 Qc5 45. Qe4 Qb6 46. Rc3 Qa5 47. b4 Qa7 48. Qe3 Qd7 49. Qe4 Qa7 50. Rc6 Be7 51. Qd3 Qd7 52. Rb6 Rc8 53. Rb7 Rc7 54. Rxc7 Qxc7 55. Qxb5 Kf8 56. c4 g6 57. fxg6 fxg6 58. Qa4 Kg7 59. Qe8 Bf8 60. Qe6 Qe7 61. Qg8+ Kf6 62. b5 e4 63. b6 e3 64. fxe3 Qxe3 65. Qxf8+ 1-0

[Event "AUT-ch Zwisch Internet"]
[Site "Playchess.com INT"]
[Date "2020.05.02"]
[Round "6"]
[White "Breneis, Lukas"]
[Black "Blohberger, Felix"]
[Result "0-1"]
[WhiteElo "2257"]
[BlackElo "2467"]
[PlyCount "70"]
[EventDate "2020.05.02"]
[EventType "swiss (blitz)"]
[EventRounds "13"]
[EventCountry "AUT"]
[SourceTitle "CBM 195 Extra"]
[Source "ChessBase"]
[SourceDate "2020.05.31"]
[SourceVersion "1"]
[SourceVersionDate "2020.05.31"]
[SourceQuality "1"]

1. e4 c5 2. d3 d5 3. exd5 Qxd5 4. Nc3 Qd7 5. Nf3 Nc6 6. Bf4 f6 7. Bg3 e5 8. Be2 Nh6 9. Qd2 Be7 10. 0-0-0 0-0 11. h3 Nf5 12. Bh2 Nfd4 13. Nxd4 cxd4 14. Nb1 Bb4 15. c3 dxc3 16. bxc3 Ba5 17. f4 exf4 18. Qxf4 Qf7 19. Qa4 Be6 20. Kb2 b5 21. Qf4 Bxa2 22. Nd2 Rac8 23. Ra1 Bd5 24. Rhc1 Bc7 25. Qf2 Bxh2 26. g3 Qe6 27. Qxh2 Rfe8 28. Bg4 f5 29. Bh5 g6 30. Bd1 Qf6 31. d4 b4 32. Bb3 bxc3+ 33. Rxc3 Bxb3 34. Nxb3 Nxd4 35. Rxa7 Nxb3 0-1

[Event "AUT-ch Zwisch Internet"]
[Site "Playchess.com INT"]
[Date "2020.05.02"]
[Round "7"]
[White "Ehs, Dominik"]
[Black "Breneis, Lukas"]
[Result "1/2-1/2"]
[WhiteElo "2070"]
[BlackElo "2257"]
[PlyCount "112"]
[EventDate "2020.05.02"]
[EventType "swiss (blitz)"]
[EventRounds "13"]
[EventCountry "AUT"]
[SourceTitle "CBM 195 Extra"]
[Source "ChessBase"]
[SourceDate "2020.05.31"]
[SourceVersion "1"]
[SourceVersionDate "2020.05.31"]
[SourceQuality "1"]

1. e4 e5 2. Nf3 Qe7 3. Bc4 h6 4. c3 d6 5. d4 Bg4 6. dxe5 dxe5 7. Be3 c6 8. Nbd2 Nd7 9. h3 Be6 10. Qe2 Ngf6 11. 0-0-0 b5 12. Bxe6 Qxe6 13. Kb1 Bc5 14. g4 Qe7 15. g5 hxg5 16. Bxg5 Nb6 17. Nh4 Rxh4 18. Bxh4 Na4 19. Nb3 Ba3 20. Qc2 Bxb2 21. Rd3 Ba3 22. Rhd1 Bc5 23. Bxf6 gxf6 24. Rd7 Qxd7 25. Rxd7 Kxd7 26. Nxc5+ Nxc5 27. Qd1+ Ke7 28. f3 Rd8 29. Qg1 Na4 30. Kc2 c5 31. h4 c4 32. Qxa7+ Kf8 33. Qa5 Rd3 34. Qa6 Rxc3+ 35. Kb1 Rd3 36. Qxf6 Nc3+ 37. Kc2 Ne2 38. h5 Nd4+ 39. Kc1 Rxf3 40. Qh8+ Ke7 41. Qxe5+ Ne6 42. h6 Rh3 43. Qxb5 Rxh6 44. Qxc4 Rh1+ 45. Kc2 Rh2+ 46. Kb3 Rh3+ 47. Kb4 Rh4 48. a4 f5 49. exf5 Rxc4+ 50. Kxc4 Ng7 51. a5 Nxf5 52. Kc5 Kd8 53. Kb6 Ne7 54. Kb7 Nc8 55. a6 Kd7 56. a7 Nxa7 1/2-1/2

[Event "AUT-ch Vor3 Internet"]
[Site "Playchess.com INT"]
[Date "2020.04.17"]
[Round "2"]
[White "Kienboeck, Benjamin"]
[Black "Breneis, Lukas"]
[Result "0-1"]
[WhiteElo "1922"]
[BlackElo "2257"]
[PlyCount "70"]
[EventDate "2020.04.17"]
[EventType "swiss (blitz)"]
[EventRounds "9"]
[EventCountry "AUT"]
[SourceTitle "CBM 195 Extra"]
[Source "ChessBase"]
[SourceDate "2020.05.31"]
[SourceVersion "1"]
[SourceVersionDate "2020.05.31"]
[SourceQuality "1"]

1. e4 c5 2. Nf3 e6 3. d4 cxd4 4. Nxd4 Nf6 5. Nc3 d6 6. Be3 Be7 7. f3 0-0 8. Qd2 a6 9. 0-0-0 b5 10. g4 Bb7 11. g5 Nfd7 12. h4 b4 13. Nce2 d5 14. Nf4 e5 15. Nde6 fxe6 16. Nxe6 Qa5 17. Kb1 d4 18. Bg1 Rc8 19. h5 Rc6 20. Bh3 Qb6 21. Nxd4 exd4 22. Bxd4 Qc7 23. Bxd7 Nxd7 24. f4 Bc5 25. Bxg7 Rd6 26. Qe2 Kxg7 27. e5 Rxd1+ 28. Rxd1 Rf8 29. g6 h6 30. f5 Nxe5 31. Qg4 Nxg4 32. f6+ Nxf6 33. c3 Be4+ 34. Ka1 b3 35. axb3 Qa5# 0-1

[Event "AUT-ch Vor1 Internet"]
[Site "Playchess.com INT"]
[Date "2020.04.11"]
[Round "1"]
[White "Breneis, Lukas"]
[Black "Gallob, Marko"]
[Result "1-0"]
[WhiteElo "2257"]
[BlackElo "1961"]
[PlyCount "101"]
[EventDate "2020.04.11"]
[EventType "swiss (blitz)"]
[EventRounds "9"]
[EventCountry "AUT"]
[SourceTitle "CBM 195 Extra"]
[Source "ChessBase"]
[SourceDate "2020.05.31"]
[SourceVersion "1"]
[SourceVersionDate "2020.05.31"]
[SourceQuality "1"]

1. e4 e6 2. Qe2 Nf6 3. Nc3 d5 4. d3 c5 5. g3 Bd7 6. Bg2 d4 7. Nd1 Be7 8. f4 Nc6 9. Nf3 0-0 10. Nf2 Qc7 11. g4 Ne8 12. f5 e5 13. g5 f6 14. h4 Kh8 15. h5 fxg5 16. Bxg5 Nf6 17. h6 g6 18. fxg6 hxg6 19. h7 Rf7 20. Nh4 Rg7 21. Bh6 Rxh7 22. Nxg6+ Kg8 23. 0-0-0 Bd8 24. Bf3 Kf7 25. Rdg1 Ng8 26. Qd2 Bf6 27. Ng4 Bg7 28. Bxg7 Rxg7 29. Nh6+ Ke8 30. Nh8 Rxg1+ 31. Rxg1 Bh3 32. Rxg8+ Ke7 33. Rg7+ Kd8 34. Rxc7 Kxc7 35. N8f7 Rf8 36. Bh5 Ne7 37. Qg5 Kd7 38. Qg7 Re8 39. Nxe5+ Kd8 40. Bxe8 Kxe8 41. Nf5 Bxf5 42. exf5 Nxf5 43. Qd7+ Kf8 44. Qxf5+ Ke7 45. Nc4 b5 46. Qxc5+ Kf6 47. Qxb5 Kg6 48. Qa6+ Kf5 49. Qxa7 Kg4 50. Qxd4+ Kf3 51. a4 1-0

[Event "AUT-ch Vor1 Internet"]
[Site "Playchess.com INT"]
[Date "2020.04.11"]
[Round "5"]
[White "Breneis, Lukas"]
[Black "Schnider, Gert"]
[Result "1-0"]
[WhiteElo "2257"]
[BlackElo "2423"]
[PlyCount "61"]
[EventDate "2020.04.11"]
[EventType "swiss (blitz)"]
[EventRounds "9"]
[EventCountry "AUT"]
[SourceTitle "CBM 195 Extra"]
[Source "ChessBase"]
[SourceDate "2020.05.31"]
[SourceVersion "1"]
[SourceVersionDate "2020.05.31"]
[SourceQuality "1"]

1. e4 e5 2. Nc3 Nf6 3. f4 d5 4. fxe5 Nxe4 5. d3 Nxc3 6. bxc3 c5 7. Nf3 Nc6 8. Be2 Be7 9. 0-0 Be6 10. Qe1 h6 11. Rb1 Qd7 12. Ba3 d4 13. c4 Qc7 14. Qg3 g5 15. Rb5 b6 16. h3 Rg8 17. Bc1 Nb4 18. Rxb4 cxb4 19. Nxd4 Bc5 20. Be3 Bxd4 21. Bxd4 0-0-0 22. Be3 Rg6 23. Bh5 Rg7 24. Bf3 Rgg8 25. Be4 Rd7 26. Rb1 f5 27. Bd5 f4 28. Qf3 Bxd5 29. cxd5 fxe3 30. d6 Qxc2 31. Qa8# 1-0

[Event "AUT-chT2M 1920"]
[Site "Austria"]
[Date "2019.11.08"]
[Round "4.3"]
[White "Breneis, Lukas"]
[Black "Kiss, Attila"]
[Result "1/2-1/2"]
[WhiteElo "2240"]
[BlackElo "2335"]
[PlyCount "63"]
[EventDate "2019.10.11"]
[EventType "team-tourn"]
[EventRounds "11"]
[EventCountry "AUT"]
[SourceTitle "CBM 192 Extra"]
[Source "Chessbase"]
[SourceDate "2019.11.06"]
[SourceVersion "1"]
[SourceVersionDate "2019.11.06"]
[SourceQuality "1"]
[WhiteTeam "St Valentin"]
[BlackTeam "Fuerstenfeld/Hartberg II"]
[WhiteTeamCountry "AUT"]
[BlackTeamCountry "AUT"]

1. e4 d5 2. exd5 Nf6 3. d4 Nxd5 4. Nf3 g6 5. c4 Nb6 6. h3 Bg7 7. Be2 0-0 8. Nc3 Nc6 9. Be3 e5 10. d5 Ne7 11. Qb3 Nf5 12. Bg5 Qe8 13. Ne4 h6 14. Bf6 Nd6 15. Nfd2 Nxe4 16. Nxe4 Nd7 17. Bxg7 Kxg7 18. g4 Qe7 19. 0-0-0 Nf6 20. d6 cxd6 21. Nxd6 b6 22. Rhe1 Bb7 23. f4 Bc6 24. Bf3 e4 25. g5 hxg5 26. fxg5 Nd7 27. Nxe4 Bxe4 28. Bxe4 Qxg5+ 29. Qe3 Qxe3+ 30. Rxe3 Rad8 31. Red3 Rde8 32. Rxd7 1/2-1/2

[Event "Budapest FS07 IM"]
[Site "Budapest"]
[Date "2019.07.15"]
[Round "8"]
[White "Panczyk, Krzysztof"]
[Black "Breneis, Lukas"]
[Result "1/2-1/2"]
[WhiteElo "2347"]
[BlackElo "2177"]
[PlyCount "73"]
[EventDate "2019.07.06"]
[EventType "tourn"]
[EventRounds "9"]
[EventCountry "HUN"]
[EventCategory "2"]
[SourceTitle "EXT 2020"]
[Source "ChessBase"]
[SourceDate "2019.10.17"]
[SourceVersion "1"]
[SourceVersionDate "2019.10.17"]
[SourceQuality "1"]

1. d4 f5 2. Nc3 Nf6 3. Bf4 e6 4. e3 Bb4 5. Bd3 Nd5 6. Nge2 Nxf4 7. Nxf4 0-0 8. g4 c5 9. gxf5 cxd4 10. exd4 Qh4 11. Qf3 Nc6 12. Qe3 Ne7 13. 0-0-0 Nxf5 14. Bxf5 Rxf5 15. Nd3 Bxc3 16. bxc3 b6 17. Rhg1 Ba6 18. Rg2 Bxd3 19. Rxd3 Raf8 20. Rd2 Rf3 21. Qe5 Qh6 22. Kb2 R8f5 23. Qe2 Qf4 24. d5 Qc7 25. dxe6 Qxc3+ 26. Kb1 R3f4 27. Rxd7 Rb4+ 28. Kc1 Qa1+ 29. Kd2 Rd4+ 30. Rxd4 Qxd4+ 31. Qd3 Rxf2+ 32. Rxf2 Qxf2+ 33. Kc3 Qf6+ 34. Kb4 Qxe6 35. c4 Kf7 36. Qxh7 Qd6+ 37. Kb3 1/2-1/2

[Event "AUT-chT2W 1819"]
[Site "Austria"]
[Date "2019.03.08"]
[Round "9.2"]
[White "Bilchinski, Anton"]
[Black "Breneis, Lukas"]
[Result "1/2-1/2"]
[WhiteElo "2301"]
[BlackElo "2192"]
[PlyCount "47"]
[EventDate "2018.10.12"]
[EventType "team-tourn"]
[EventRounds "11"]
[EventCountry "AUT"]
[SourceTitle "CBM 189 Extra"]
[Source "ChessBase"]
[SourceDate "2019.06.03"]
[SourceVersion "1"]
[SourceVersionDate "2019.06.03"]
[SourceQuality "1"]
[WhiteTeam "Pradl"]
[BlackTeam "Oberland"]
[WhiteTeamCountry "AUT"]
[BlackTeamCountry "AUT"]

1. d4 f5 2. g3 Nf6 3. Bg2 e6 4. c4 d5 5. Nf3 c6 6. 0-0 Bd6 7. b3 b5 8. Nbd2 Nbd7 9. Bb2 0-0 10. Ne5 Bb7 11. Ndf3 Qe7 12. Qd3 a6 13. a4 bxc4 14. bxc4 c5 15. Nxd7 Nxd7 16. Ne5 Bxe5 17. dxe5 dxc4 18. Qxc4 Nb6 19. Qc2 Bxg2 20. Kxg2 Nd5 21. Ba3 Rfc8 22. Rac1 Qb7 23. Kg1 c4 24. e4 1/2-1/2

[Event "AUT-chT2W 1819"]
[Site "Austria"]
[Date "2018.12.09"]
[Round "5.1"]
[White "Breneis, Lukas"]
[Black "Frank, Emanuel"]
[Result "0-1"]
[WhiteElo "2192"]
[BlackElo "2175"]
[PlyCount "86"]
[EventDate "2018.10.12"]
[EventType "team-tourn"]
[EventRounds "11"]
[EventCountry "AUT"]
[SourceTitle "CBM 189 Extra"]
[Source "ChessBase"]
[SourceDate "2019.06.03"]
[SourceVersion "1"]
[SourceVersionDate "2019.06.03"]
[SourceQuality "1"]
[WhiteTeam "Oberland"]
[BlackTeam "Salzburg ASK"]
[WhiteTeamCountry "AUT"]
[BlackTeamCountry "AUT"]

1. c4 e6 2. Nf3 d5 3. b3 Nf6 4. g3 Be7 5. Bg2 0-0 6. 0-0 b6 7. Bb2 Bb7 8. Ne5 c5 9. e3 Qc7 10. d4 dxc4 11. bxc4 Bxg2 12. Kxg2 cxd4 13. exd4 Nc6 14. Qe2 Nxe5 15. dxe5 Qc6+ 16. f3 Nd7 17. Nd2 Rac8 18. Rac1 Qa4 19. Ne4 Qxa2 20. Rc3 Qa6 21. Ra1 Qb7 22. Nd6 Bxd6 23. exd6 a5 24. Rd1 e5 25. Rd5 f6 26. Qe4 Nc5 27. Qc2 Qd7 28. Re3 Rc6 29. f4 Rxd6 30. Rxd6 Qxd6 31. fxe5 fxe5 32. Bxe5 Qc6+ 33. Kg1 Re8 34. Qe2 Nd7 35. Bd4 Rxe3 36. Qxe3 Kf7 37. Qf2+ Kg8 38. Qe3 Kf7 39. Qf2+ Kg8 40. Qe3 Qxc4 41. Bxb6 a4 42. Qe7 Qc1+ 43. Kg2 Qc6+ 0-1